| 000 | 00671nam a2200229Ia 4500 | ||
|---|---|---|---|
| 003 | OSt | ||
| 005 | 20220918181041.0 | ||
| 006 | a|||||r|||| 00| 0 | ||
| 007 | ta | ||
| 008 | 220917b |||||||| |||| 00| 0 eng d | ||
| 024 | _a25,297 | ||
| 037 | _cTextual | ||
| 040 |
_aARTS _cARTS _beng |
||
| 041 |
_2eng _aeng |
||
| 082 | _aO111,1L57x, K7 | ||
| 100 | _aBlake William | ||
| 245 | 0 | _aSongs of innocence and of experience showing the two contrary states of the human soul | |
| 260 |
_aOxford _bOxford University Press _c1970 |
||
| 650 | _aENGLISH LITERATURE | ||
| 942 |
_hO111,1L57x, K7 _cTEXL _2CC |
||
| 999 |
_c164198 _d164198 |
||